[Event "RSA-ch op"]
[Site "Durban"]
[Date "2024.07.01"]
[Round "5"]
[White "Makhosonke, Kuhlase Matthiolus"]
[Black "Maliga, Norman"]
[Result "1-0"]
[WhiteElo "1838"]
[BlackElo "1619"]
[PlyCount "103"]
[EventDate "2024.06.29"]
[EventType "swiss"]
[EventRounds "11"]
[EventCountry "RSA"]
[SourceTitle "EXT 2025"]
[Source "ChessBase"]
[SourceDate "2024.10.14"]
[SourceVersion "1"]
[SourceVersionDate "2024.10.14"]
[SourceQuality "1"]

1. d4 Nf6 2. Bg5 c5 3. Bxf6 gxf6 4. d5 Qb6 5. Qc1 Na6 6. Nc3 Bh6 7. e3 Rg8 8. g3 d6 9. Bb5+ Bd7 10. Bxd7+ Kxd7 11. Nf3 Nc7 12. a4 Qb4 13. 0-0 Qg4 14. Qd1 Qh3 15. a5 Rg6 16. Ne2 Qh5 17. Nc3 Qh3 18. Ra4 Bg5 19. Nxg5 Rxg5 20. Qf3 h5 21. Rd1 Rh8 22. Qg2 Qxg2+ 23. Kxg2 h4 24. b4 hxg3 25. hxg3 Na6 26. Ne4 Re5 27. bxc5 Nxc5 28. Nxc5+ dxc5 29. Rf4 b5 30. axb6 axb6 31. d6 b5 32. dxe7+ Kxe7 33. Ra1 f5 34. Ra7+ Ke6 35. Rb7 b4 36. Kf3 Rc8 37. Rh4 Kd5 38. Rxf7 Rb8 39. Rd7+ Kc6 40. Rhh7 c4 41. Rc7+ Kb5 42. Rb7+ Rxb7 43. Rxb7+ Ka4 44. Ra7+ Ra5 45. Rc7 c3 46. e4 Ka3 47. Rc4 Rb5 48. exf5 Rxf5+ 49. Ke3 Re5+ 50. Kd4 Re2 51. Kc5 Rxf2 52. Rxb4 1-0

[Event "South African op"]
[Site "Cape Town"]
[Date "2022.07.16"]
[Round "9"]
[White "Frick, Jacques"]
[Black "Makhosonke, Kuhlase Matthiolus"]
[Result "1-0"]
[WhiteElo "1720"]
[BlackElo "1775"]
[PlyCount "129"]
[EventDate "2022.07.09"]
[EventType "swiss"]
[EventRounds "11"]
[EventCountry "RSA"]
[SourceTitle "CBM 209 Extra"]
[Source "ChessBase"]
[SourceDate "2022.09.30"]
[SourceVersion "1"]
[SourceVersionDate "2022.09.30"]
[SourceQuality "1"]

1. Nf3 Nf6 2. c4 e6 3. Nc3 d5 4. e3 a6 5. a4 Nc6 6. d4 Bb4 7. Bd2 0-0 8. Na2 Be7 9. b4 Ne4 10. Qb3 a5 11. c5 axb4 12. Bxb4 Nxb4 13. Nxb4 Bf6 14. Ra2 Bd7 15. a5 Qe8 16. Bd3 Bb5 17. Nxd5 exd5 18. Bxb5 c6 19. Bd3 Qd8 20. Qb4 Be7 21. Bxe4 dxe4 22. Ne5 Qd5 23. Ra4 f5 24. 0-0 f4 25. Qc4 fxe3 26. Qxd5+ cxd5 27. fxe3 Rxf1+ 28. Kxf1 Ra6 29. Nd7 Kf7 30. Rb4 Rxa5 31. Rxb7 Ra3 32. Nb6 Ke6 33. c6 Bd6 34. c7 Bxc7 35. Rxc7 Rxe3 36. Rc6+ Kf5 37. Nxd5 Rd3 38. Rc5 Rxd4 39. Ne3+ Ke6 40. Rc4 Rd2 41. Rxe4+ Kf6 42. h4 g6 43. Kg1 h5 44. Kh2 Ra2 45. Kg3 Rb2 46. Nd5+ Kf5 47. Rf4+ Ke6 48. Ne3 Rb3 49. Kf3 Ke5 50. Rf8 Ra3 51. Rd8 Rb3 52. Rd5+ Ke6 53. Rc5 Ra3 54. Kf4 Ra4+ 55. Kg5 Re4 56. Rc3 Ke5 57. Kxg6 Rxh4 58. Rc4 Rh2 59. Rc5+ Kf4 60. Rxh5 Rxh5 61. Kxh5 Kxe3 62. g4 Kf4 63. g5 Kf5 64. Kh6 Ke6 65. g6 1-0

[Event "South African op"]
[Site "Cape Town"]
[Date "2022.07.15"]
[Round "8"]
[White "Makhosonke, Kuhlase Matthiolus"]
[Black "Goredema, Dione"]
[Result "1/2-1/2"]
[WhiteElo "1775"]
[BlackElo "1719"]
[PlyCount "114"]
[EventDate "2022.07.09"]
[EventType "swiss"]
[EventRounds "11"]
[EventCountry "RSA"]
[SourceTitle "CBM 209 Extra"]
[Source "ChessBase"]
[SourceDate "2022.09.30"]
[SourceVersion "1"]
[SourceVersionDate "2022.09.30"]
[SourceQuality "1"]

1. d4 Nf6 2. c4 c5 3. e3 g6 4. Nc3 Bg7 5. Bd3 0-0 6. Nge2 d5 7. 0-0 cxd4 8. exd4 Nc6 9. c5 b6 10. Bb5 Bb7 11. Qa4 Qc8 12. Bg5 e6 13. Rac1 a6 14. Bd3 b5 15. Qd1 Nd7 16. Bb1 Qc7 17. h4 Qa5 18. h5 b4 19. Na4 Rac8 20. b3 Nf6 21. Nb6 Nxh5 22. Nxc8 Rxc8 23. Qd2 Qc7 24. Rcd1 a5 25. g4 Nf6 26. f3 Nd7 27. Kg2 e5 28. dxe5 Ncxe5 29. Be7 Nxc5 30. Bxc5 Qxc5 31. Rc1 Qb5 32. Nd4 Qb6 33. Rxc8+ Bxc8 34. Re1 Ba6 35. Qf4 Bd3 36. Bxd3 Nxd3 37. Re8+ Bf8 38. Qh6 Qc5 39. Qe3 Qc3 40. Ne2 Ne1+ 41. Kf1 Qxe3 42. Rxe3 Nc2 43. Re8 Kg7 44. Rc8 Ne3+ 45. Kf2 Nd1+ 46. Ke1 Nc3 47. a4 h5 48. gxh5 gxh5 49. Ng3 h4 50. Nf5+ Kf6 51. Nxh4 Bd6 52. Rc6 Ke5 53. f4+ Ke6 54. Nf5 Kxf5 55. Rxd6 Kxf4 56. Rf6+ Ke3 57. Rxf7 Kd3 1/2-1/2

[Event "Kimberley Moja op"]
[Site "Kimberley"]
[Date "2022.03.21"]
[Round "5"]
[White "Palmer, Reegan"]
[Black "Makhosonke, Kuhlase Matthiolus"]
[Result "1/2-1/2"]
[WhiteElo "1572"]
[BlackElo "1787"]
[PlyCount "90"]
[EventDate "2022.03.19"]
[EventType "swiss"]
[EventRounds "7"]
[EventCountry "RSA"]
[SourceTitle "EXT 2023"]
[Source "ChessBase"]
[SourceDate "2022.10.05"]
[SourceVersion "1"]
[SourceVersionDate "2022.10.05"]
[SourceQuality "1"]

1. c4 e5 2. Nc3 Nc6 3. g3 f5 4. Bg2 Nf6 5. e3 g6 6. Nge2 Bg7 7. d4 d6 8. 0-0 0-0 9. Rb1 a5 10. a3 e4 11. f3 Qe7 12. fxe4 fxe4 13. Nf4 Nd8 14. Nfd5 Qf7 15. Nxf6+ Bxf6 16. Nxe4 Qg7 17. Nxf6+ Rxf6 18. b3 Bf5 19. e4 Bd7 20. Bb2 Rxf1+ 21. Qxf1 Nc6 22. Qd3 Rf8 23. Re1 Qf7 24. Qe3 a4 25. d5 Ne5 26. Bxe5 dxe5 27. b4 c6 28. Rf1 Qe7 29. Rxf8+ Kxf8 30. Qb6 Qg5 31. Qf2+ Kg7 32. Bf1 Qc1 33. Qf3 Bh3 34. d6 Bxf1 35. Qxf1 Qxa3 36. Qd1 Qe3+ 37. Kf1 Qb3 38. Ke1 Qxb4+ 39. Qd2 Qb1+ 40. Kf2 Qh1 41. Ke3 Qg1+ 42. Kf3 Qh1+ 43. Ke3 Qg1+ 44. Ke2 Qxh2+ 45. Kd1 Qxd2+ 1/2-1/2